| 000 | 01114nam a22002657a 4500 | ||
|---|---|---|---|
| 001 | BRCA_9383 | ||
| 003 | FranzMayer | ||
| 005 | 20230918124148.0 | ||
| 008 | 230901b |||||||| |||| 00| 0 eng d | ||
| 020 | _a8487682499 | ||
| 040 |
_aMFM _bespañol _cMFM |
||
| 050 | 0 |
_aAM121.M6 _bR53 2004 |
|
| 100 | 1 |
_4Autor _aRico Mansard, Luisa Fernanda _929454 |
|
| 240 |
_aExhibir para educar _hObjetos, colecciones y museos de la ciudad de México (1790-1910) _lEspañol |
||
| 245 | 0 |
_aExhibir para educar _bObjetos, colecciones y museos de la ciudad de México (1790-1910) |
|
| 260 |
_aMéxico _bEdiciones Pomares _c2004 |
||
| 300 |
_a447 p _bIlustraciones _c23 cm |
||
| 500 | _aAnexo 1 | ||
| 500 | _aAlgunas partes del libro esta subrayadas | ||
| 505 | _aTexto en: españolIncluye índice temáticoIncluye notasIncluye bibliografíaDirigido a: museólogos y personas que trabajen en exposicones | ||
| 650 | 1 |
_2Museos _aColecciones y exposiciones _vMuseología _929455 |
|
| 651 | 2 |
_2Museos mexicanos _aCDMX _v1790-1910 _929456 |
|
| 710 | 1 |
_4Colaborador _aHorizontes educativos mexicanos _929457 |
|
| 942 |
_2lcc _cB |
||
| 999 |
_c11005 _d11005 |
||